El crimen de la calle bambi / (Registro nro. 39227)

Detalles MARC
000 -LDR (LÍDER)
fixed length control field 00919nam a2200265Ii 4500
008 - FIXED-LENGTH DATA ELEMENTS--GENERAL INFORMATION
fixed length control field 241108s9999||||xx |||||||||||||| ||und||
020 ## - ISBN
ISBN 9561213478
040 ## - FUENTE DE CATALOGACIÓN
Agencia catalogadora original CO-ViMGA
Idioma de la agencia catalogadora spa
Norma para la descripción rda
Agencia que transcribe CO-ViMGA
084 ## - Clasificación facetada
Número de clasificación CSOL8c
100 1# - Autor
Nombre Solar, Hernán del
Fechas asociadas al nombre 1901-1985
Termino relación autor
9 (RLIN) 64855
245 10 - Título
Título El crimen de la calle bambi /
Mención de responsabilidad Hernán del Soler ; ilustraciones Andrés Jullián
250 ## - Edición
Edición 14 edición
264 #1 - Pie de imprenta
Ciudad de publicación Santiago, Chile :
Editorial Zig-Zag,
Año 2007.
300 ## - Descripción física
Extensión 110 páginas
Otros detalles físicos ilustraciones en blanco y negro
Dimensiones 18 cm.
336 ## - Tipo de Contenido
Tipo de contenido texto
Código de tipo de contenido txt
Fuente rdacontenido
337 ## - Tipo de Medio
Tipo de Medio no mediado
Código de tipo de medio n
Fuente rdamedio
338 ## - Tipo de soporte
Tipo de soporte volumen
Código de tipo de soporte nc
Fuente rdasoporte
500 ## - Nota
Notas Ch863.83 S64c
650 17 - Asiento secundario de materia - término temático
Encabezamiento temático Cuentos infantiles chilenos.
Fuente del encabezado o término BLAAUTO
650 17 - Asiento secundario de materia - término temático
Encabezamiento temático Animales
Fuente del encabezado o término BLAAUTO
Subdivisión de forma Cuentos infantiles.
650 17 - Asiento secundario de materia - término temático
Encabezamiento temático Misterios
Fuente del encabezado o término BLAAUTO
Subdivisión de forma Cuentos infantiles
942 ## - Información adicional
Tipo de material Libro Infantil
650 17 - Asiento secundario de materia - término temático
-- 756
650 17 - Asiento secundario de materia - término temático
-- 43815
650 17 - Asiento secundario de materia - término temático
-- 64856
Existencias
Withdrawn status Estado de pérdida Fuente del sistema de clasificación o colocación Estado de daño Koha normalized classification for sorting Not for loan Colección Biblioteca Biblioteca actual Localización Fecha de adquisición Signatura topográfica Código de barras Koha date last seen Ejemplar Price effective from Tipo de ítem Nota pública
    Dewey Decimal Classification   C_SOL8C__CH863_83_000000000000000_S64C   Sala General Biblioteca Pública Departamental Eduardo Carranza - Villavicencio Biblioteca Pública Departamental Eduardo Carranza - Villavicencio Sala Infantil 08/01/2013 C SOL8c | Ch863.83 S64c ECA22135 11/25/2024 Ej.1 11/25/2024 LIbro 16517 | 21347









Instituto Departamental de Cultura del Meta - Red Departamental de Bibliotecas Públicas del Meta.